000 01374cam a22002054a 4500
005 20250605164049.0
008 250528s ||||||||||||||||||||||||d
035 _a17216
020 _a70176744
040 _aGR-AtMCL
_bgre
_dGR-AtMCL
_eAACR2
245 1 _aSchaum's Outline of Theory and Problems of Introduction to Mathematical Economics / Second Edition
250 _a2nd
260 _bMcgraw Hill, Inc,
_c1992
300 _a486
520 _aReview, Economic Applications of Graphs and Equations, The Derivative and the Rules of Differentiation, Uses of the Derivative in Mathematics and Economics, Calculus of Multivariable Functions in Economics, Exponential and Logarithmic Functions, Exponential and Logarithmic Functions in Economics, Differentiation of Exponential and Logarithmic Functions, The Fundamentals of Linear (or Matrix) Algebra, Matrix Inversion, Special Determinants and Matrices and Their Use in Economics, Linear Programming: A Graphic Approach, Linear Programming: The Simplex Algorithm, Linear Programming: The Dual, Integral Calculus: The Indefinite Integral, Integral Calculus: The Definiti Integral, Differential Equations, Difference Equations, Second-Order Differential Equations and Difference Equations, The Calculus of Variations, Index.
700 1 _aDowling Edward T
_93381
942 _cBK
999 _c2649
_d2649